| 000 | 00927cam a2200325Mi 4500 | ||
|---|---|---|---|
| 001 | 95728 | ||
| 005 | 20230410142423.0 | ||
| 008 | 930325s1984 mx 001 0 spa d | ||
| 035 | _a(OCoLC)ocn642536058 | ||
| 040 |
_aESLEO _bspa _cESLEO _dBNMEX |
||
| 020 | _a9682415845 | ||
| 020 | _a9789682415845 | ||
| 035 | _a(OCoLC)642536058 | ||
| 082 | 0 | 4 | _a330.01 |
| 049 | _aGRAL | ||
| 050 | 1 | 4 | _aO13f 1984 |
| 100 | 1 | _aObregón Díaz, Carlos Federico. | |
| 245 | 1 | 0 |
_aDe la filosofía a la economía : _bHistoria de la armonía social / _cCarlos Federico Obregón Díaz. |
| 260 |
_aMéxico [etc.] : _bTrillas, _c1984. |
||
| 300 |
_a349 p. ; _c23 cm. |
||
| 500 | _aIndices. | ||
| 504 | _aBibliogr. : p. 333-337. | ||
| 650 | 0 | 4 |
_aEconomía _xFilosofía. |
| 650 | 0 | 4 |
_aEconomía _xFilosofía _xHistoria. |
| 650 | 4 | _aCRV | |
| 650 | 4 | _aColección Rene Villarreal | |
| 942 |
_2lcc _cbk |
||
| 966 | _aRCH | ||
| 994 |
_aC0 _bDRFGD |
||
| 999 |
_c95314 _d95314 |
||